000 01163pab a2200181 454500
008 180718b2009 xxu||||| |||| 00| 0 eng d
100 _aOommen, T.K.
245 _aIndian labour movement: colonial era to the global age
260 _c2009
300 _ap.81-89.
362 _a26 Dec
520 _aThis paper attempts to situate labour movements of 20th century India - agrarian and industrial - in the context of the changing contours of the country. Many scholars have focused exclusively on industrial labour, ignoring the fact that the overwhelming proportion of labour in India is predominantly agrarian. The prospect of a unified labour movement is unlikely because of the many categories and internal differences within each. This, however, does not mean that labour mobilisation and struggles will cease. Sectoral mobilisation against deprivations specific to each group will continue, and along with equity, identity, security and dignity will be important for the labour movement (s). - Reproduced.
650 _aLabour movements - India
650 _aLabour movements
773 _aEconomic and Political Weekly
908 _aN
909 _a85211
999 _c85211
_d85211